000
00233 a2200097 4500
001
38297
100
_a
Couper David
245
_a
25 role plays for developing counseling skills
260
_a
UK
_b
Gower
_c
1995
090
_c
24341
_d
24341
942
_a
NUST-CAE
_c
M
_c
15938
999
_c
273370
_d
273370